| 000 | 00542nam a2200193Ia 4500 | ||
|---|---|---|---|
| 003 | LK-CoDNM | ||
| 008 | 010623t2000 xxu||||| |||| 00| 1 sin d | ||
| 040 |
_aLK-CoDNM _dLK-CoDNM _eLK-CoDNM |
||
| 041 | _asin | ||
| 080 | _a133.52 WIL | ||
| 100 | _aWilliam,R.H. | ||
| 245 | _aකේන්දර බලන හැටි-4,කටක ලග්නය | ||
| 246 | _aKendara Balana Heti-4,Kataka Lagnaya | ||
| 260 |
_bGunasena _aColombo _c2000 |
||
| 300 | _b77p., 21 cm | ||
| 500 | _aKendara Balana Heti-4 | ||
| 650 | _aAstrology | ||
| 942 | _cBK | ||
| 999 |
_c120292 _d120292 |
||